[Event "4NCL/Div2/BAR2 vs. KHE"]
[Site "West Bromwich ENG"]
[Date "2004.11.20"]
[Round "3.2"]
[White "Thomas, Richard H"]
[Black "Pritchett, Craig W"]
[Result "1/2-1/2"]
[WhiteElo "2232"]
[BlackElo "2270"]
[PlyCount "101"]
[EventDate "2004.11.20"]
[SourceDate "2004.09.21"]

1. d4 Nf6 2. c4 e6 3. g3 Bb4+ 4. Bd2 Qe7 5. Bg2 Nc6 6. Nf3 Bxd2+ 7. Nbxd2 d6 8.
O-O O-O 9. e4 a5 10. e5 dxe5 11. dxe5 Nd7 12. Re1 Rd8 13. a3 Nc5 14. Qc2 a4 15.
Rad1 Bd7 16. Ne4 h6 17. Nc3 Na5 18. Nd2 Bc6 19. Bxc6 Nxc6 20. Nf3 Rxd1 21. Rxd1
Nd7 22. Qe4 Ra5 23. Nb5 Nc5 24. Qe1 Ra8 25. Qe3 b6 26. Nc3 Rd8 27. Qe2 Rxd1+
28. Qxd1 Qd7 29. Qxd7 Nxd7 30. Nxa4 Ndxe5 31. Nxe5 Nxe5 32. c5 b5 33. Nc3 c6
34. a4 bxa4 35. Nxa4 Kf8 36. f4 Nd3 37. Kf1 Ke7 38. Ke2 Nb4 39. Ke3 g5 40. Nb6
gxf4+ 41. gxf4 Kf6 42. Nc4 Na6 43. Ne5 Nxc5 44. Nxc6 Nb3 45. Nd4 Na5 46. b4
Nc4+ 47. Ke4 Nd6+ 48. Kf3 e5 49. fxe5+ Kxe5 50. Nc6+ Kf5 51. Nd4+ 1/2-1/2

[Event "4NCL/Div2/BAR2 vs. KHE"]
[Site "West Bromwich ENG"]
[Date "2004.11.20"]
[Round "3.3"]
[White "Dishman, Stephen"]
[Black "Kwiatkowski, Feliks J"]
[Result "1-0"]
[WhiteElo "2314"]
[BlackElo "2229"]
[PlyCount "97"]
[EventDate "2004.11.20"]
[SourceDate "2004.09.21"]

1. d4 Nf6 2. Bg5 c5 3. Bxf6 gxf6 4. d5 Qb6 5. Qc1 f5 6. c4 Bg7 7. Nc3 d6 8. e3
Nd7 9. Nf3 Nf6 10. Bd3 Ne4 11. Bxe4 fxe4 12. Nd2 f5 13. O-O O-O 14. f3 exf3 15.
Rxf3 Bd7 16. Qc2 Be8 17. Raf1 Bg6 18. b3 Rf7 19. Ne2 Bh5 20. R3f2 Bxe2 21. Rxe2
Qa5 22. Nf3 Qc3 23. Qxc3 Bxc3 24. Nh4 a6 25. Nxf5 Kh8 26. g4 b5 27. g5 bxc4 28.
bxc4 Rb8 29. Rc2 Be5 30. e4 a5 31. h4 a4 32. h5 a3 33. g6 Rff8 34. Rf3 Rb2 35.
Rxb2 axb2 36. Rb3 hxg6 37. hxg6 Ra8 38. a4 Kg8 39. a5 Kf8 40. Rb7 Bf6 41. Kf2
Ke8 42. a6 Rxa6 43. Rb8+ Kd7 44. g7 Ra2 45. Kf3 Ra3+ 46. Kg4 Bxg7 47. Nxg7 Ra1
48. Ne6 Rg1+ 49. Kf3 1-0

[Event "4NCL/Div2/BAR2 vs. KHE"]
[Site "West Bromwich ENG"]
[Date "2004.11.20"]
[Round "3.4"]
[White "O'Shaughnessy, Conor"]
[Black "Taylor, Peter"]
[Result "1-0"]
[WhiteElo "2189"]
[BlackElo "2250"]
[PlyCount "121"]
[EventDate "2004.11.20"]
[SourceDate "2004.09.21"]

1. Nf3 Nf6 2. b3 d5 3. Bb2 Bg4 4. g3 Bxf3 5. exf3 e6 6. Bg2 Bd6 7. O-O O-O 8.
f4 Nbd7 9. d3 c6 10. Nd2 Qe7 11. Nf3 Ba3 12. Qc1 Bxb2 13. Qxb2 a5 14. Rfe1 Qb4
15. Ne5 a4 16. a3 Qb6 17. b4 Rad8 18. Rab1 Ne8 19. h4 Nc7 20. c4 Nxe5 21. Qxe5
f6 22. c5 fxe5 23. cxb6 Na8 24. Rxe5 Rf6 25. Rbe1 Rd6 26. Bh3 Kf7 27. f5 Nxb6
28. fxe6+ Ke7 29. f4 g6 30. Rc1 Na8 31. f5 gxf5 32. Bxf5 h6 33. g4 Nc7 34. Kg2
Rf8 35. Kg3 Rg8 36. Kf4 Nxe6+ 37. Kg3 Kf6 38. Rxe6+ Rxe6 39. Bxe6 Kxe6 40. Re1+
Kf6 41. Kf4 Rf8 42. Re5 Kg6+ 43. Ke3 Rf6 44. Re7 b6 45. h5+ Kg5 46. Rg7+ Kh4
47. Rg6 Rf1 48. Rxh6 Kxg4 49. Rxc6 Kxh5 50. Kd4 Ra1 51. Rc3 Kg5 52. Kxd5 Kf6
53. d4 Ke7 54. Kc6 Rb1 55. Kb5 Rb3 56. Rc7+ Kd6 57. Rc6+ Kd5 58. Kxa4 Rh3 59.
Rxb6 Kxd4 60. Rc6 Kd5 61. b5 1-0

[Event "4NCL/Div2/BAR2 vs. KHE"]
[Site "West Bromwich ENG"]
[Date "2004.11.20"]
[Round "3.5"]
[White "Berry, Neil"]
[Black "Guthrie, David"]
[Result "1/2-1/2"]
[WhiteElo "2228"]
[BlackElo "2170"]
[PlyCount "89"]
[EventDate "2004.11.20"]
[SourceDate "2004.09.21"]

1. d4 d5 2. c4 e6 3. Nf3 c5 4. cxd5 exd5 5. Nc3 Nc6 6. g3 Nf6 7. Bg2 Be7 8. O-O
O-O 9. Bg5 cxd4 10. Nxd4 h6 11. Be3 Re8 12. Rc1 Bf8 13. Nxc6 bxc6 14. Na4 Bd7
15. Bc5 Bxc5 16. Nxc5 Bg4 17. Re1 Qa5 18. Qc2 Rab8 19. b3 Re7 20. h3 Bh5 21.
Nd3 Bg6 22. Qc5 Qxc5 23. Nxc5 Rbe8 24. Kf1 Bf5 25. e3 g5 26. Red1 Nd7 27. Nxd7
Bxd7 28. Rd4 Rb8 29. Rc5 f6 30. Ra4 Be8 31. e4 dxe4 32. Rxe4 Rxe4 33. Bxe4 Bd7
34. g4 Kf8 35. Ra5 Rb7 36. Ke2 Ke7 37. Kd3 Kd6 38. Bf5 Be8 39. Be4 Bd7 40. Bf5
Be8 41. Kc3 Bf7 42. Be4 Be6 43. Ra6 Rc7 44. Kd4 Bc8 45. Ra4 1/2-1/2

[Event "4NCL/Div2/BAR2 vs. KHE"]
[Site "West Bromwich ENG"]
[Date "2004.11.20"]
[Round "3.6"]
[White "Okike, David C"]
[Black "Coleman, David"]
[Result "1/2-1/2"]
[WhiteElo "2158"]
[BlackElo "2256"]
[PlyCount "107"]
[EventDate "2004.11.20"]
[SourceDate "2004.09.21"]

1. e4 c5 2. Nf3 d6 3. d4 cxd4 4. Nxd4 Nf6 5. Nc3 a6 6. Bg5 e6 7. Qd2 h6 8. Bxf6
Qxf6 9. O-O-O Bd7 10. f4 g5 11. g3 gxf4 12. gxf4 Nc6 13. Nb3 O-O-O 14. Kb1 Be8
15. Bc4 Qe7 16. Rhe1 Qc7 17. Bf1 Bg7 18. Bh3 Kb8 19. Re3 Bf6 20. Rd3 Be7 21.
Rg3 Bh4 22. Rd3 Be7 23. a3 Bd7 24. Bg2 Bc8 25. Ne2 Qb6 26. Ng3 h5 27. Nf1 a5
28. Ne3 a4 29. Nc1 Na5 30. Ne2 Bd7 31. Nc3 Bc6 32. Rd4 d5 33. Nxa4 Bxa4 34.
Rxa4 Nc4 35. Nxc4 dxc4 36. Qe1 Rxd1+ 37. Qxd1 Qb5 38. b3 cxb3 39. cxb3 Rd8 40.
Qc2 Rd3 41. Kb2 Qd7 42. Kc1 Rd4 43. h3 Rxa4 44. bxa4 Bxa3+ 45. Kb1 Qd4 46. Ka2
Bb4 47. f5 Bc3 48. fxe6 fxe6 49. Bf1 Qe3 50. Bg2 Bb4 51. Qb2 Bc3 52. Qc2 Be5
53. Bf1 Bd6 54. Qd3 1/2-1/2

[Event "4NCL/Div2/BAR2 vs. KHE"]
[Site "West Bromwich ENG"]
[Date "2004.11.20"]
[Round "3.7"]
[White "Twyble, Michael S"]
[Black "Connolly, Suzanne"]
[Result "1-0"]
[WhiteElo "2215"]
[BlackElo "2076"]
[PlyCount "131"]
[EventDate "2004.11.20"]
[SourceDate "2004.09.21"]

1. d4 d5 2. c4 c6 3. Nf3 Nf6 4. Nc3 dxc4 5. a4 Bf5 6. Nh4 e6 7. Nxf5 exf5 8. e3
Bd6 9. Bxc4 O-O 10. Qf3 g6 11. h3 h5 12. Bd2 Nbd7 13. Kf1 Kg7 14. Re1 Qe7 15.
g4 Ne4 16. Bc1 Nxc3 17. bxc3 hxg4 18. hxg4 Qe4 19. Be2 Qxf3 20. Bxf3 fxg4 21.
Bxg4 f5 22. Bd1 Nf6 23. e4 Nxe4 24. Bh6+ Kf6 25. Bxf8 Rxf8 26. Rh3 Bf4 27. Bc2
Ng5 28. Rd3 Rd8 29. Kg2 Rh8 30. Rh1 Rxh1 31. Kxh1 b6 32. Kg2 Ke7 33. Rd1 Kf6
34. Bd3 Nf7 35. Kf3 Bg5 36. Ke2 Nd6 37. Ra1 Ke6 38. Rh1 c5 39. dxc5 bxc5 40.
Rh7 c4 41. Bb1 Bf6 42. Kd2 a5 43. Ra7 Bd8 44. Ra6 Kd5 45. f3 Ke6 46. Ba2 Kd7
47. Ke3 Bf6 48. Rxa5 Bxc3 49. Ra7+ Ke6 50. Bxc4+ Nxc4+ 51. Kd3 Ne5+ 52. Kxc3
Nxf3 53. a5 Ne5 54. a6 Nc6 55. Rh7 g5 56. a7 Nxa7 57. Rxa7 Ke5 58. Kd3 Kf4 59.
Ke2 Kg3 60. Ra3+ Kg4 61. Kf2 Kh4 62. Kg2 Kg4 63. Ra4+ f4 64. Ra5 Kh4 65. Ra8 g4
66. Ra5 1-0

[Event "4NCL/Div2/BAR2 vs. KHE"]
[Site "West Bromwich ENG"]
[Date "2004.11.20"]
[Round "3.8"]
[White "Lewis, Alex"]
[Black "Bhatia, Kanwal K"]
[Result "0-1"]
[WhiteElo "2145"]
[BlackElo "2086"]
[PlyCount "68"]
[EventDate "2004.11.20"]
[SourceDate "2004.09.21"]

1. e4 e5 2. f4 d5 3. exd5 c6 4. Nf3 exf4 5. d4 Bd6 6. dxc6 Nxc6 7. Bb5 Bd7 8.
O-O Nge7 9. Nc3 O-O 10. Ne4 Bg4 11. c3 Bc7 12. Qc2 h6 13. h3 Be6 14. Bd2 Rc8
15. Rae1 Bb8 16. Nc5 Bf5 17. Qb3 b6 18. Nd3 g5 19. h4 Ng6 20. hxg5 hxg5 21. g3
Na5 22. Qa4 g4 23. Nxf4 gxf3 24. Rxf3 Bxf4 25. Bxf4 Qd5 26. Rf2 Kg7 27. Bf1 Be4
28. Be5+ f6 29. Bxf6+ Rxf6 30. Rxe4 Rxf2 31. Kxf2 Qxe4 32. Qd7+ Ne7 33. Bd3
Rf8+ 34. Kg1 Qe3+ 0-1

[Event "4NCL/Div2/NWE2 vs. WRO"]
[Site "West Bromwich ENG"]
[Date "2004.11.20"]
[Round "3.1"]
[White "Lund, D Brett"]
[Black "Dunnington, Angus J"]
[Result "0-1"]
[WhiteElo "2212"]
[BlackElo "2386"]
[PlyCount "106"]
[EventDate "2004.11.20"]
[SourceDate "2004.09.21"]

1. c4 e5 2. g3 f5 3. d4 e4 4. Nc3 Nf6 5. f3 Bb4 6. Qb3 c5 7. d5 O-O 8. a3 Ba5
9. Bd2 d6 10. Bg2 Nbd7 11. Nh3 b5 12. cxb5 a6 13. Nf4 c4 14. Qxc4 axb5 15. Qb3
Qb6 16. Ne6 Nc5 17. Nxc5 Qxc5 18. fxe4 Nxe4 19. Nxe4 fxe4 20. Bxe4 Qf2+ 21. Kd1
Qd4 22. Qd3 Qxb2 23. Rb1 Qxd2+ 24. Qxd2 Bxd2 25. Kxd2 Rxa3 26. Rb2 Bg4 27. h3
Bf5 28. Bf3 Rc8 29. g4 Bd7 30. h4 Rc4 31. Rc1 Rxc1 32. Kxc1 Ra4 33. e4 Ra3 34.
Rf2 Kf7 35. Bd1+ Ke7 36. g5 Rh3 37. Rf4 Re3 38. Kd2 Rg3 39. Be2 b4 40. Rf3 Rg4
41. Ke3 Rxh4 42. Rg3 b3 43. Kd4 Rh3 44. Rxh3 Bxh3 45. Kc3 h6 46. gxh6 gxh6 47.
Bf3 Kf6 48. Kxb3 Ke5 49. Kc3 Kf4 50. Bh1 Ke3 51. Kb4 h5 52. Kb5 Kd4 53. Kc6 Ke5
0-1

[Event "4NCL/Div2/NWE2 vs. WRO"]
[Site "West Bromwich ENG"]
[Date "2004.11.20"]
[Round "3.2"]
[White "Gayson, Peter M"]
[Black "Carleton, John J"]
[Result "1/2-1/2"]
[WhiteElo "2256"]
[BlackElo "2284"]
[PlyCount "57"]
[EventDate "2004.11.20"]
[SourceDate "2004.09.21"]

1. e4 Nf6 2. e5 Nd5 3. d4 d6 4. c4 Nb6 5. f4 g5 6. Nc3 gxf4 7. Bxf4 Bg7 8. Nf3
Bg4 9. Be2 Nc6 10. exd6 exd6 11. O-O O-O 12. d5 Bxf3 13. Rxf3 Ne5 14. Bxe5 Bxe5
15. Bd3 f5 16. Rh3 Qg5 17. Qf3 Rae8 18. Ne2 Nd7 19. Rf1 Rf6 20. Rh5 Qg4 21.
Rxf5 Qxf3 22. R1xf3 Bxb2 23. Rg5+ Kf7 24. Kf2 Ne5 25. Rxf6+ Kxf6 26. Rf5+ Kg7
27. Rg5+ Kf6 28. Rf5+ Kg7 29. Rg5+ 1/2-1/2

[Event "4NCL/Div2/NWE2 vs. WRO"]
[Site "West Bromwich ENG"]
[Date "2004.11.20"]
[Round "3.3"]
[White "Hulmes, David I"]
[Black "Adams, David M"]
[Result "1/2-1/2"]
[WhiteElo "2206"]
[BlackElo "2207"]
[PlyCount "120"]
[EventDate "2004.11.20"]
[SourceDate "2004.09.21"]

1. e4 e5 2. Nf3 Nf6 3. Nxe5 d6 4. Nf3 Nxe4 5. d4 d5 6. Bd3 Nc6 7. O-O Be7 8. c4
Nb4 9. Be2 O-O 10. Nc3 Be6 11. Bf4 Nf6 12. c5 Nc6 13. Ne5 Nxe5 14. Bxe5 Ne4 15.
Bd3 Nxc3 16. bxc3 Bf6 17. Re1 Bxe5 18. Rxe5 Qd7 19. Qb1 g6 20. Qxb7 Rfb8 21.
Qa6 c6 22. Qa3 Qb7 23. Re2 Qd7 24. Rae1 Rb7 25. Ba6 Rc7 26. Qc1 Qd8 27. Qf4 Rd7
28. Bd3 Kg7 29. h4 Qf6 30. Qg3 Bf5 31. Bxf5 Qxf5 32. Re5 Qf6 33. h5 Rb7 34. Qe3
h6 35. hxg6 Qxg6 36. Re7 Rab8 37. Qe5+ Qf6 38. Qg3+ Qg5 39. Qxg5+ hxg5 40. Rxb7
Rxb7 41. Re8 Rb1+ 42. Kh2 Rc1 43. Ra8 Rxc3 44. Rxa7 Rc4 45. Ra6 Rxd4 46. Rxc6
Ra4 47. Rd6 Rxa2 48. Rxd5 Rxf2 49. Kg3 Rc2 50. Rxg5+ Kf6 51. Rh5 Ke6 52. Kh3
Rc3+ 53. Kh4 f5 54. c6 Rc4+ 55. Kg3 Ke5 56. Rh6 Rc3+ 57. Kf2 Kd5 58. Rf6 Ke5
59. Rg6 Kd5 60. Rg5 Ke4 1/2-1/2

[Event "4NCL/Div2/NWE2 vs. WRO"]
[Site "West Bromwich ENG"]
[Date "2004.11.20"]
[Round "3.4"]
[White "Hutchinson, Paul A"]
[Black "Coates, Kenneth G"]
[Result "0-1"]
[WhiteElo "2191"]
[BlackElo "2198"]
[PlyCount "100"]
[EventDate "2004.11.20"]
[SourceDate "2004.09.21"]

1. d4 d5 2. c4 c6 3. Nc3 e5 4. dxe5 d4 5. Ne4 Qa5+ 6. Bd2 Qxe5 7. Ng3 Nf6 8.
Nf3 Qd6 9. Qc2 Be7 10. e4 dxe3 11. Bxe3 O-O 12. Be2 Na6 13. a3 Re8 14. O-O Ng4
15. Bd4 Nc5 16. Rad1 Qg6 17. Qc3 h5 18. b4 h4 19. bxc5 hxg3 20. hxg3 Bf5 21.
Rfe1 Rad8 22. Nh4 Qh7 23. f3 Nf6 24. Bf2 Nd7 25. Bf1 Be6 26. Bd3 Qh5 27. g4 Qg5
28. Nf5 Bxf5 29. Bxf5 Nxc5 30. Rxd8 Rxd8 31. Qe5 Ne6 32. Bxe6 Qxe5 33. Bxf7+
Kxf7 34. Rxe5 Rd1+ 35. Be1 Bh4 36. Kf1 Bg3 37. Re3 g5 38. f4 gxf4 39. Rxg3 fxg3
40. Ke2 Rc1 41. Bxg3 Rxc4 42. Bd6 Rxg4 43. g3 Ke6 44. Bf4 Kf5 45. Ke3 c5 46. a4
b6 47. Kd3 Rxf4 48. gxf4 Kxf4 49. Kc4 Ke5 50. a5 Kd6 0-1

[Event "4NCL/Div2/NWE2 vs. WRO"]
[Site "West Bromwich ENG"]
[Date "2004.11.20"]
[Round "3.5"]
[White "Jowett, Peter"]
[Black "Burnett, Jim"]
[Result "1/2-1/2"]
[WhiteElo "2184"]
[BlackElo "2188"]
[PlyCount "72"]
[EventDate "2004.11.20"]
[SourceDate "2004.09.21"]

1. e4 d5 2. exd5 Qxd5 3. Nc3 Qa5 4. d4 Nf6 5. Bc4 c6 6. Bd2 Bf5 7. Nge2 e6 8.
O-O Qc7 9. Bf4 Qd8 10. Ng3 Bg6 11. Qe2 Be7 12. Rad1 O-O 13. Bg5 Re8 14. Rfe1
Nbd7 15. Qd2 a6 16. Nce4 Nxe4 17. Nxe4 Bxg5 18. Nxg5 b5 19. Bb3 c5 20. dxc5
Nxc5 21. Qe3 Qc7 22. Nf3 Nxb3 23. cxb3 Bh5 24. Rc1 Qb7 25. Ne5 f6 26. g4 Bf7
27. Nxf7 Qxf7 28. Qe4 f5 29. gxf5 exf5 30. Qc6 Qh5 31. Qd5+ Kh8 32. Rxe8+ Rxe8
33. Rc3 h6 34. Rg3 Re1+ 35. Kg2 Qe2 36. Qf7 Qe5 1/2-1/2

[Event "4NCL/Div2/NWE2 vs. WRO"]
[Site "West Bromwich ENG"]
[Date "2004.11.20"]
[Round "3.6"]
[White "Barrett, Steve J"]
[Black "Savory, Richard J"]
[Result "1-0"]
[WhiteElo "2181"]
[BlackElo "2104"]
[PlyCount "67"]
[EventDate "2004.11.20"]
[SourceDate "2004.09.21"]

1. d4 d5 2. c4 e6 3. Nc3 Nf6 4. cxd5 exd5 5. Bg5 Be7 6. Qc2 O-O 7. e3 Nc6 8.
Nf3 Bg4 9. Be2 h6 10. Bf4 Nh5 11. Rd1 Nxf4 12. exf4 Bxf3 13. Bxf3 Bb4 14. O-O
Ne7 15. Ne2 c6 16. Nc1 Ba5 17. Nd3 Qd6 18. g3 Kh8 19. Ne5 Rae8 20. Bh5 g6 21.
Bg4 f5 22. Bf3 Kg7 23. h4 h5 24. a3 Ng8 25. Kh2 Nf6 26. Be2 Ng4+ 27. Bxg4 fxg4
28. f3 gxf3 29. Rxf3 Qf6 30. f5 Rxe5 31. dxe5 Qxe5 32. Rdf1 Bc7 33. fxg6 Rxf3
34. Rxf3 {time} 1-0

[Event "4NCL/Div2/NWE2 vs. WRO"]
[Site "West Bromwich ENG"]
[Date "2004.11.20"]
[Round "3.7"]
[White "McCarthy, Jim"]
[Black "Cumbers, Paul"]
[Result "1/2-1/2"]
[WhiteElo "2087"]
[BlackElo "2118"]
[PlyCount "125"]
[EventDate "2004.11.20"]
[SourceDate "2004.09.21"]

1. Nf3 Nf6 2. c4 c5 3. Nc3 Nc6 4. g3 d5 5. cxd5 Nxd5 6. Bg2 Nc7 7. O-O e5 8. d3
Be7 9. Nd2 Bd7 10. Nc4 f6 11. Be3 b5 12. Nd2 Rb8 13. a4 a6 14. axb5 axb5 15.
Nd5 Nxd5 16. Bxd5 Nb4 17. Bg2 Be6 18. Ne4 Qb6 19. Qc1 Rc8 20. Qd2 Nd5 21. b4
Nxe3 22. Qxe3 f5 23. Nxc5 Bxc5 24. bxc5 Qxc5 25. Qxc5 Rxc5 26. Ra8+ Bc8 27. Rb1
O-O 28. Kf1 Bd7 29. Ke1 Rxa8 30. Bxa8 Kf7 31. Kd2 Ke6 32. f4 exf4 33. gxf4 Rc8
34. Bf3 Kd6 35. Ra1 Rc7 36. d4 Bc6 37. Ra6 Kd7 38. d5 Bb7 39. Rb6 Ba8 40. Rxb5
Ra7 41. Ke3 Kd6 42. h4 g6 43. Kf2 Ra4 44. Rb8 Ra5 45. Rh8 Bxd5 46. Rxh7 Bxf3
47. Kxf3 Ke6 48. Rh6 Kf7 49. h5 gxh5 50. Rxh5 Kg6 51. Rg5+ Kf6 52. Rg8 Ra4 53.
Rb8 Re4 54. Rb6+ Kf7 55. Ra6 Re8 56. e3 Rb8 57. Kg3 Rb3 58. Kh4 Rxe3 59. Kg5
Rb3 60. Kxf5 Rb5+ 61. Kg4 Rc5 62. f5 Rc1 63. Ra7+ 1/2-1/2

[Event "4NCL/Div2/NWE2 vs. WRO"]
[Site "West Bromwich ENG"]
[Date "2004.11.20"]
[Round "3.8"]
[White "Guo, Xi-Yang"]
[Black "Coates, Christine"]
[Result "1-0"]
[WhiteElo "1885"]
[BlackElo "1455"]
[PlyCount "53"]
[EventDate "2004.11.20"]
[SourceDate "2004.09.21"]

1. e4 d5 2. exd5 Qxd5 3. Nc3 Qd6 4. d4 Nf6 5. Bc4 Bf5 6. Qf3 Bc8 7. Nge2 c6 8.
Bf4 Qd7 9. O-O-O e6 10. Rhe1 Bd6 11. Bg5 Qe7 12. d5 e5 13. Ne4 Nbd7 14. dxc6
bxc6 15. Nxd6+ Qxd6 16. Rxd6 Bb7 17. Rxd7 Kxd7 18. Bxf6 gxf6 19. Qxf6 Kc7 20.
Qxe5+ Kb6 21. b4 a6 22. Qc5+ Kc7 23. Nd4 Rae8 24. Rxe8 Rxe8 25. b5 Ra8 26. bxc6
Bxc6 27. Qxc6+ 1-0

[Event "4NCL/Div2/BRI2 vs. PYO"]
[Site "West Bromwich ENG"]
[Date "2004.11.20"]
[Round "3.1"]
[White "Helbig, Paul D"]
[Black "Rendle, Thomas E"]
[Result "1/2-1/2"]
[WhiteElo "2184"]
[BlackElo "2303"]
[PlyCount "85"]
[EventDate "2004.11.20"]
[SourceDate "2004.09.21"]

1. e4 e6 2. d4 d5 3. Nc3 Bb4 4. Nge2 Nc6 5. e5 Nge7 6. a3 Ba5 7. b4 Bb6 8. Na4
Nf5 9. c3 f6 10. exf6 Qxf6 11. Ng3 O-O 12. Nxf5 Qxf5 13. Be3 e5 14. Nxb6 axb6
15. Bd3 e4 16. Be2 Qg6 17. Kd2 Ne7 18. g4 Qd6 19. Qg1 Ng6 20. Qg3 Nf4 21. Bxf4
Qxf4+ 22. Qxf4 Rxf4 23. Ke3 Rf7 24. f3 exf3 25. Bxf3 Be6 26. Rhf1 Re8 27. Kd2
Ref8 28. Rae1 Rxf3 29. Rxf3 Rxf3 30. Rxe6 Kf7 31. Re3 Rf1 32. h3 Rh1 33. Rf3+
Ke7 34. Kc2 c6 35. a4 h6 36. Kb3 g6 37. a5 bxa5 38. bxa5 Rb1+ 39. Ka4 b6 40.
axb6 Rxb6 41. Ka3 Rb8 42. Ka4 Rb1 43. Ka3 1/2-1/2

[Event "4NCL/Div2/BRI2 vs. PYO"]
[Site "West Bromwich ENG"]
[Date "2004.11.20"]
[Round "3.2"]
[White "Martyn, Rafe"]
[Black "Collier, David O"]
[Result "1-0"]
[WhiteElo "2266"]
[BlackElo "2168"]
[PlyCount "47"]
[EventDate "2004.11.20"]
[SourceDate "2004.09.21"]

1. d4 Nf6 2. c4 e6 3. g3 Bb4+ 4. Bd2 a5 5. Bg2 d5 6. Nf3 Nc6 7. Qc2 dxc4 8.
Qxc4 Qd5 9. Qxd5 exd5 10. O-O Bxd2 11. Nbxd2 Bf5 12. Rfc1 O-O-O 13. Nb3 Rhe8
14. e3 Ne4 15. Bf1 Bg4 16. Ne1 Nd6 17. Nd3 Nc4 18. Nf4 Nxb2 19. Rab1 a4 20. Nc5
a3 21. Rc3 g5 22. Rxa3 Nb8 23. Rxb2 b6 24. Ra8 1-0

[Event "4NCL/Div2/BRI2 vs. PYO"]
[Site "West Bromwich ENG"]
[Date "2004.11.20"]
[Round "3.3"]
[White "Dilleigh, Stephen P"]
[Black "Bigg, Andrew J"]
[Result "0-1"]
[WhiteElo "2161"]
[BlackElo "2263"]
[PlyCount "138"]
[EventDate "2004.11.20"]
[SourceDate "2004.09.21"]

1. d4 e6 2. c4 b6 3. Nc3 Bb4 4. e3 Bxc3+ 5. bxc3 Bb7 6. Nf3 f5 7. Bd3 Nf6 8.
O-O O-O 9. a4 Ne4 10. Nd2 Qh4 11. f3 Nxd2 12. Qxd2 Nc6 13. Ba3 d6 14. e4 fxe4
15. Bxe4 Na5 16. Bxb7 Nxb7 17. Rfe1 Rfe8 18. Re4 Qh5 19. Qe2 Qf7 20. Re1 Na5
21. Rxe6 Rxe6 22. Qxe6 Qxe6 23. Rxe6 Nxc4 24. Bc1 Kf7 25. Re2 Re8 26. Kf2 Rxe2+
27. Kxe2 d5 28. Kd3 c6 29. Kc2 Ke6 30. Kb3 h5 31. Kc2 Kf5 32. h3 h4 33. Kb3 a6
34. Kc2 b5 35. Kb3 a5 36. axb5 cxb5 37. Kc2 a4 38. Kb1 Na5 39. Kc2 Nc6 40. Kb2
b4 41. cxb4 Nxb4 42. Ka3 Nd3 43. Bd2 Nf4 44. Kxa4 Nxg2 45. Kb5 Nf4 46. Bxf4
Kxf4 47. Kc5 Kxf3 48. Kxd5 g5 49. Ke6 g4 50. d5 gxh3 51. d6 h2 52. d7 h1=Q 53.
d8=Q Qe1+ 54. Kf7 h3 55. Qd5+ Kg3 56. Qg5+ Kh2 57. Qg4 Qg3 58. Qe4 Kg1 59. Ke8
h2 60. Qb1+ Kg2 61. Qc2+ Qf2 62. Qe4+ Qf3 63. Qc2+ Kg3 64. Qc7+ Qf4 65. Qc6
Qe3+ 66. Kd7 Qd3+ 67. Kc8 Qf5+ 68. Kb8 Qb1+ 69. Kc8 h1=Q 0-1

[Event "4NCL/Div2/BRI2 vs. PYO"]
[Site "West Bromwich ENG"]
[Date "2004.11.20"]
[Round "3.4"]
[White "Dorrington, Christopher"]
[Black "Curtis, John"]
[Result "1-0"]
[WhiteElo "2194"]
[BlackElo "2126"]
[PlyCount "99"]
[EventDate "2004.11.20"]
[SourceDate "2004.09.21"]

1. e4 d6 2. d4 Nf6 3. Nc3 e5 4. Nf3 Nbd7 5. Bc4 Be7 6. O-O O-O 7. Qe2 exd4 8.
Nxd4 Ne5 9. Bb3 c5 10. Nf5 Bxf5 11. exf5 Qd7 12. f4 Nc6 13. g4 Nd4 14. Qg2 Nxb3
15. axb3 Qc6 16. g5 Qxg2+ 17. Kxg2 Ne8 18. Be3 Nc7 19. Rad1 Rfe8 20. Kf3 Rad8
21. Nd5 Nxd5 22. Rxd5 Rc8 23. Bd2 b5 24. Ra1 Rc7 25. c4 Rb8 26. Ba5 Rcb7 27.
Bc3 Re8 28. cxb5 Rxb5 29. b4 Rb7 30. bxc5 dxc5 31. Re1 Rbb8 32. Rd7 Kf8 33.
Rxa7 Bd6 34. Rxe8+ Rxe8 35. Rd7 Bb8 36. Rd5 Rc8 37. f6 g6 38. h4 Ke8 39. f5 Ba7
40. Re5+ Kf8 41. fxg6 hxg6 42. Re7 Bb8 43. Kg4 Rd8 44. h5 gxh5+ 45. Kxh5 Rd1
46. Re1 Rd5 47. Kg4 Bc7 48. Rh1 Kg8 49. g6 fxg6 50. Rh8+ 1-0

[Event "4NCL/Div2/BRI2 vs. PYO"]
[Site "West Bromwich ENG"]
[Date "2004.11.20"]
[Round "3.5"]
[White "Easton, Alex"]
[Black "Bennet, William D"]
[Result "0-1"]
[WhiteElo "2095"]
[BlackElo "2119"]
[PlyCount "62"]
[EventDate "2004.11.20"]
[SourceDate "2004.09.21"]

1. Nf3 c5 2. c4 Nc6 3. Nc3 g6 4. e3 Bg7 5. d4 cxd4 6. exd4 d6 7. Be2 Nf6 8. d5
Ne5 9. Nxe5 dxe5 10. O-O O-O 11. Qb3 Nd7 12. Be3 b6 13. Rad1 Ba6 14. Qa3 Bb7
15. Ne4 Re8 16. c5 bxc5 17. Nxc5 Nxc5 18. Bxc5 Bxd5 19. Bb5 e6 20. Bxe8 Qxe8
21. Rc1 Qb5 22. Bd6 e4 23. b3 Bh6 24. Qc5 Qa6 25. Rc2 Bb7 26. Qe5 Qd3 27. Rc3
Qd2 28. Rh3 Rc8 29. Bb4 Qxb4 30. Rxh6 Ba6 31. Rd1 Qd2 0-1

[Event "4NCL/Div2/BRI2 vs. PYO"]
[Site "West Bromwich ENG"]
[Date "2004.11.20"]
[Round "3.6"]
[White "Eckersley-Waites, Tom"]
[Black "Bareham, David"]
[Result "0-1"]
[WhiteElo "2114"]
[BlackElo "2115"]
[PlyCount "46"]
[EventDate "2004.11.20"]
[SourceDate "2004.09.21"]

1. e4 c5 2. Nf3 d6 3. d4 cxd4 4. Nxd4 Nf6 5. Nc3 g6 6. Be3 Bg7 7. f3 O-O 8. Qd2
Nc6 9. Bc4 Bd7 10. O-O-O Rc8 11. Bb3 Ne5 12. Kb1 Nc4 13. Bxc4 Rxc4 14. g4 Qc7
15. g5 Nh5 16. Nd5 Qd8 17. b3 Rc8 18. Ne2 Be6 19. Bxa7 Bxd5 20. exd5 b6 21. Qe3
Qc7 22. Nd4 Qxa7 23. Nc6 Qxa2+ 0-1

[Event "4NCL/Div2/BRI2 vs. PYO"]
[Site "West Bromwich ENG"]
[Date "2004.11.20"]
[Round "3.7"]
[White "Stock, Toby"]
[Black "Eckersley-Waites, Adam"]
[Result "0-1"]
[WhiteElo "2090"]
[BlackElo "2072"]
[PlyCount "74"]
[EventDate "2004.11.20"]
[SourceDate "2004.09.21"]

1. d4 Nf6 2. c4 c5 3. d5 e6 4. Nc3 exd5 5. cxd5 d6 6. e4 g6 7. f3 Bg7 8. Be3
O-O 9. Nge2 a6 10. Qd2 Re8 11. a4 Nbd7 12. Ng3 Ne5 13. Be2 Rb8 14. Bh6 Bxh6 15.
Qxh6 Qa5 16. O-O Qb4 17. Qd2 Bd7 18. Rf2 b5 19. h3 bxa4 20. f4 Nc4 21. Bxc4
Qxc4 22. e5 Nh5 23. Nge4 dxe5 24. fxe5 Rxe5 25. Rxf7 Qd4+ 26. Qxd4 cxd4 27.
Rxd7 dxc3 28. Nxc3 Rxb2 29. Rxa4 Nf6 30. Rd8+ Kg7 31. Rxa6 Rc2 32. Ra3 Re3 33.
Nb5 Ree2 34. Rg3 Nh5 35. Rg4 Re1+ 36. Kh2 Rcc1 37. Rd7+ Kh6 0-1

[Event "4NCL/Div2/BRI2 vs. PYO"]
[Site "West Bromwich ENG"]
[Date "2004.11.20"]
[Round "3.8"]
[White "Miller, Naomi K"]
[Black "Vann, Monica"]
[Result "1/2-1/2"]
[WhiteElo "2038"]
[BlackElo "1815"]
[PlyCount "84"]
[EventDate "2004.11.20"]
[SourceDate "2004.09.21"]

1. e4 d5 2. exd5 Nf6 3. Nf3 Nxd5 4. d4 Nc6 5. h3 e6 6. c4 Nf6 7. Nc3 Be7 8. Be3
O-O 9. Be2 a6 10. O-O b6 11. a3 Bb7 12. b4 Nb8 13. Qb3 Nbd7 14. Rfd1 c5 15.
bxc5 Qc7 16. cxb6 Nxb6 17. Nd2 Rab8 18. Rab1 Nbd7 19. Qa2 Qa5 20. Nb3 Qxa3 21.
Qxa3 Bxa3 22. Bf4 Rbc8 23. Na5 Ne4 24. Na2 Ba8 25. f3 Nef6 26. Nc3 Be7 27. Bh2
Nb8 28. Na4 Nc6 29. Nb3 Bd8 30. Nbc5 a5 31. Na6 Re8 32. Nc3 Re7 33. Nb5 Na7 34.
Nc5 Nxb5 35. Rxb5 Bc6 36. Rb2 Bc7 37. Bxc7 Rexc7 38. Ra1 Ra7 39. Kf2 Kf8 40.
Rba2 Rca8 41. Bd1 Nd7 42. Nxd7+ Bxd7 1/2-1/2

[Event "4NCL/Div2/SLOS1 vs. HKF1"]
[Site "West Bromwich ENG"]
[Date "2004.11.20"]
[Round "3.1"]
[White "Macieja, Bartlomiej"]
[Black "Bauer, Christian"]
[Result "1/2-1/2"]
[WhiteElo "2613"]
[BlackElo "2622"]
[PlyCount "71"]
[EventDate "2004.11.20"]
[SourceDate "2004.09.21"]

1. e4 c5 2. Nf3 b6 3. d4 cxd4 4. Nxd4 Bb7 5. Nc3 a6 6. Bg5 Qc7 7. Bd3 e6 8. O-O
Bd6 9. Kh1 Be5 10. Be3 Nc6 11. Nde2 Nf6 12. f4 Bxc3 13. Nxc3 d6 14. a4 O-O 15.
Rf3 Nb4 16. Rg3 Kh8 17. f5 Rae8 18. Bg5 exf5 19. Bxf6 gxf6 20. Qh5 Rg8 21.
Rxg8+ Rxg8 22. Qxf5 Rg6 23. Rf1 Kg7 24. Ne2 Bc8 25. Qf2 Qc5 26. Nd4 Qe5 27. Be2
Rh6 28. Nf3 Qxe4 29. c3 Nd5 30. Re1 Qf4 31. Bd3 Rxh2+ 32. Kg1 Rh5 33. Re4 Qc1+
34. Re1 Qf4 35. Re4 Qc1+ 36. Re1 1/2-1/2